Fit for the game tennis / (Record no. 128502)

MARC details
000 -LEADER
fixed length control field 00613nam a22002177a 4500
005 - DATE AND TIME OF LATEST TRANSACTION
control field 20170124110040.0
010 ## - LIBRARY OF CONGRESS CONTROL NUMBER
LC control number A-599910
020 ## - INTERNATIONAL STANDARD BOOK NUMBER
Terms of availability 00.00
International Standard Book Number 0706369378
035 ## - SYSTEM CONTROL NUMBER
System control number A-599910
037 ## - SOURCE OF ACQUISITION
Source of stock number/acquisition Cen Lib/Ret
040 ## - CATALOGING SOURCE
Original cataloging agency DPL
Language of cataloging EN
082 ## - DEWEY DECIMAL CLASSIFICATION NUMBER
Classification number 796.342
Item number LLO
100 ## - MAIN ENTRY--PERSONAL NAME
Personal name Lloyd, David
9 (RLIN) 74079
245 ## - TITLE STATEMENT
Title Fit for the game tennis /
Statement of responsibility, etc by David Lloyd
260 ## - PUBLICATION, DISTRIBUTION, ETC. (IMPRINT)
Place of publication, distribution, etc Great Britain
Name of publisher, distributor, etc Ward Lock
Date of publication, distribution, etc 1991
270 ## - ADDRESS
Address Great Britain
City Great Britain
300 ## - PHYSICAL DESCRIPTION
Extent 80p. :
Dimensions 22m(Hb)
Other physical details ill.
650 ## - SUBJECT ADDED ENTRY--TOPICAL TERM
Topical term or geographic name as entry element Sprots
9 (RLIN) 74080
650 ## - SUBJECT ADDED ENTRY--TOPICAL TERM
Topical term or geographic name as entry element Sports Physical Fitness
9 (RLIN) 74081
942 ## - ADDED ENTRY ELEMENTS (KOHA)
Source of classification or shelving scheme Dewey Decimal Classification
Koha item type English Books
Classification part 796.342
Call number suffix LLO
Holdings
Withdrawn status Lost status Damaged status Not for loan Home library Current library Date acquired Source of acquisition Cost, normal purchase price Total Checkouts Full call number Barcode Date last seen Copy number Cost, replacement price Price effective from Koha item type
        Central Library Central Library 02/07/2015 Cen Lib/Ret 0.00   796.342 LLO A-599910 02/07/2015 1 0.00 02/07/2015 English Books

© Delhi Public Library
Hit Counter
free hit counter